Juventus Players 2019/2020 - Statistics

General Stats
  • This quiz has been taken 25 times
  • The average score is 12 of 34
Answer Stats
Number Role Answer % Correct
77 GK Gianluigi Buffon
95%
3 DEF Giorgio Chiellini
82%
19 DEF Leonardo Bonucci
82%
10 ATT Paulo Dybala
82%
7 ATT Cristiano Ronaldo
77%
21 ATT Gonzalo Higuain
68%
5 MID Miralem Pjanic
68%
12 DEF Alex Sandro
64%
14 MID Blaise Matuidi
59%
13 DEF Danilo
55%
17 ATT Mario Mandzukic
55%
11 ATT Douglas Costa
36%
4 DEF Matthijs De Ligt
36%
33 ATT Federico Bernardeschi
32%
2 DEF Mattia De Sciglio
32%
6 MID Sami Khedira
32%
1 GK Wojciech Szczesny
32%
8 MID Aaron Ramsey
27%
24 DEF Daniele Rugani
27%
37 GK Mattia Perin
27%
Coach Maurizio Sarri
27%
25 MID Adrien Rabiot
23%
31 GK Carlo Pinsoglio
23%
23 MID Emre Can
23%
30 MID Rodrigo Bentancur
23%
16 DEF Juan Cuadrado
14%
20 ATT Marko Pjaca
9%
28 DEF Merih Demiral
9%
35 ATT Marco Olivieri
5%
43 MID Daouda Peeters
0%
44 ATT Giacomo Vrioni
0%
47 DEF Gianluca Frabotta
0%
46 ATT Luca Zanimacchia
0%
38 MID Simone Muratore
0%
No matching quizzes found
Score Distribution
Percent of People with Each Score
Percentile by Number Answered
Your Score History
You have not taken this quiz